000 00362nam a22001337a 4500
999 _c27683
_d27683
008 250224b ||||| |||| 00| 0 eng d
082 0 0 _a623.81
_bC739
245 1 0 _aPrinciples of naval architecture
_cJohn P. Comstock
260 _aNew york :
_bSname,
_c1967
300 _a827 p.
650 0 _aNaval Architecture
700 _95808
_aComstock, John P.
942 _cBK